|
|
|
|
| LEADER |
01343nam a2200325 a 4500 |
| 001 |
000004790 |
| 003 |
CZ BrMZK |
| 005 |
20231114074658.0 |
| 007 |
ta |
| 008 |
010907s1993 xr a f cze d |
| 015 |
|
|
|a cnb000082197
|
| 020 |
|
|
|a 80-901478-2-8
|c 58.00
|
| 040 |
|
|
|a BOA001
|b cze
|
| 080 |
|
|
|a 32(437)"19":92 Masaryk, Tomáš Garrigue
|2 MRF
|
| 100 |
1 |
|
|a Masaryk, Tomáš Garrigue,
|d 1850-1937
|7 jk01080472
|4 aut
|
| 245 |
1 |
0 |
|a Juvenilie :
|b studie a stati 1876-1881 /
|c T.G. Masaryk ; svazek připravil Stanislav Polák
|
| 250 |
|
|
|a 1. vyd.
|
| 260 |
|
|
|a Praha :
|b Ústav T.G. Masaryka,
|c 1993
|
| 300 |
|
|
|a 170 s. :
|b il.
|
| 490 |
1 |
|
|a Spisy T.G. Masaryka ;
|v sv. 16
|
| 653 |
0 |
|
|a Masaryk, Tomáš Garrigue 1850-1937
|a českoslovenští politici
|a českoslovenští prezidenti
|
| 700 |
1 |
|
|a Polák, Stanislav,
|d 1936-2017
|7 jn20000710482
|4 edt
|
| 800 |
1 |
|
|a Masaryk, Tomáš Garrigue,
|d 1850-1937.
|t Spisy (Masarykův ústav AV ČR : Ústav T.G. Masaryka)
|0 s
|
| 910 |
|
|
|a BOA001
|b 2-0999.694
|b PK-0121.181
|
| 920 |
|
|
|a 000041541
|
| 964 |
|
|
|a Masaryk, Tomáš Garrigue - studie - stati
|
| 990 |
|
|
|a BK
|
| 991 |
|
|
|b 202311
|
| 996 |
6 |
|
|b 2610009478
|c 2-0999.694
|l MZK
|r Sklad / do 1 hodiny
|n 10
|p p.v.
|w 000004790
|u 000010
|a 1
|e BOA001
|j MZK50
|s P
|
| 996 |
7 |
|
|b 3119988344
|c PK-0121.181
|l MZK
|r Sklad / do 1 hodiny
|n 9
|w 000004790
|u 000020
|a 1
|e BOA001
|j MZK50
|s A
|